00312nam a2200133Ia 4500008004100000020001800041082001700059100002100076245003200097250000900129260002300138300000900161650000800170191201s2008 xx 000 0 und d a9780070636774 a005.133bSCJ aSCHILDT, Herbert 0aJAVA The Complete Reference aRep. aN.DelhibTMHc2008 a1024 aMCA